00000000nam 2200000zi 4500
0019.947334
003CaOODSP
00520250124134512
006m     o  d f      
007cr cn|||||||||
008250123e20070426oncad   o    f000 0 fre d
040 |aCaOODSP|bfre|erda|cCaOODSP
043 |an-cn---
0861 |aEn4-741/2007F-PDF
24500|aEcoaction = Écoaction.
264 1|a[Ottawa] : |bEnvironnement Canada, |c26 avril 2007.
300 |a1 ressource en ligne (1 volume (pagination multiple)) : |billustrations, graphiques
336 |atexte|btxt|2rdacontent/fre
337 |ainformatique|bc|2rdamedia/fre
338 |aressource en ligne|bcr|2rdacarrier/fre
500 |aTitre de la couverture.
500 |aÉdition numérisée de l’imprimé [par Environnement et changement climatique Canada].
520 |a« Le Cadre réglementaire sur les émissions atmosphériques est l'une des principales composantes de notre plan d'action ambitieux pour nous attaquer aux changements climatiques et assainir l'air que nous respirons. Conformément au principe du pollueur-payeur, il établit des cibles rigoureuses à court terme afin de réduire les émissions atmosphériques des grandes industries, notamment : la production d'électricité à base de combustibles; le pétrôle et le gaz; les pâtes et papiers; la fonte et l'affinage; le fer et l'acier; le ciment, la chaux et les produits chimiques; certains secteurs miniers » -- Fiche d'information, Cadre réglementaire sur les émissions atmosphériques.
650 6|aAir|xPollution|xPolitique gouvernementale|zCanada.
650 6|aAir|xQualité|xGestion|xPolitique gouvernementale|zCanada.
650 6|aClimat|xChangements|xPolitique gouvernementale|zCanada.
650 6|aGaz à effet de serre|xRéduction|xPolitique gouvernementale|zCanada.
650 6|aÉconomies d'énergie|xPolitique gouvernementale|zCanada.
7101 |aCanada. |bEnvironnement Canada, |eorganisme de publication.
77508|tEcoaction = Écoaction.|w(CaOODSP)9.941287
85640|qPDF|s3.90 Mo|uhttps://publications.gc.ca/collections/collection_2025/eccc/en4/En4-741-2007-fra.pdf